Kinderserien leicht - Statistiken

Allgemein
  • Dieses Quiz wurde 2.071 mal gespielt
  • Das Durchschnittsergebnis liegt bei 12 aus 16
Antwortstatistiken
Bildquiz Antwort % Korrekt
Bob der Baumeister
99%
Spongebob Schwammkopf
94%
Tom und Jerry
94%
Sandmann
93%
Angelo
90%
Ninjago
89%
Dora the explorer
86%
Phineas und Ferb
81%
Micky Maus Wunderhaus
77%
Die Thundermans
61%
American Dragon
59%
Ducktales
56%
Woozle Goozle
55%
Die Oktonauten
54%
Oggy und die Kakerlaken
49%
Zig und Sharko
31%
Keine übereinstimmenden Quizze gefunden
Verteilung der Resultate
Anzahl Personen mit jedem Resultat
Perzentil nach korrekt beantworteten Fragen
Ihre Resultats-Entwicklung
Sie haben dieses Quiz noch nicht gespielt